Implicancias del NAFTA en la agricultura chilena

Guardat en:
Dades bibliogràfiques
Autors principals: Olavarría Astudillo, Jaime Alonso (Autor), Rojas M., Alvaro (Autor)
Format: Llibre
Idioma:espanyol
Publicat: Talca Universidad de Talca 1996
Col·lecció:Ciencia y Tecnología
Matèries:
Etiquetes: Afegir etiqueta
Sense etiquetes, Sigues el primer a etiquetar aquest registre!

MARC

LEADER 00000nam a2200000 a 4500
001 UCR3030
003 CL-VaPUC
008 980123e19960000CL |||||||||||||||||spa|d
082 0 4 |a 382.9  |b OLA  |2 21 
100 |a Olavarría Astudillo, Jaime Alonso  |e author  |9 826893 
700 0 |a Rojas M., Alvaro  |e author  |9 401750 
245 1 0 |a Implicancias del NAFTA en la agricultura chilena 
300 |a 216 p 
942 |c BK 
945 |d 19980123 00:00:00  |a jquezada 
260 |a Talca  |b Universidad de Talca  |c 1996 
600 0 7 |a NAFTA  |2 CL-VaPUC  |9 345863 
600 0 7 |a MERCOSUR  |2 CL-VaPUC  |9 330918 
650 0 |a Agricultura  |9 255598 
650 0 |a Acuerdos comerciales  |9 337377 
650 7 |a SECTOR AGRICOLA  |2 CL-VaPUC  |9 357761 
650 0 |a Agroindustrias  |9 376001 
650 7 |a SECTOR CAMPESINO  |2 CL-VaPUC  |9 401751 
650 0 |a Salario  |9 379787 
650 7 |a COMINIDADES RURALES  |2 CL-VaPUC  |9 401752 
650 7 |a DESARROLLO SOCIOECONOMICO  |2 CL-VaPUC  |9 401753 
650 7 |a PRODUCTOS AGRICOLAS  |2 CL-VaPUC  |9 338601 
651 7 |a CHILE  |2 CL-VaPUC  |9 401754 
651 0 |a Estados Unidos  |9 255178 
651 0 |a México  |9 255269 
651 7 |a CANADA  |2 CL-VaPUC  |9 401755 
583 |a last modification  |c 19980123 00:00:00  |k Rodrigo Vera 
490 0 |a Ciencia y Tecnología 
999 |c 266143  |d 266141